[Event "April Fool's Mini-Swiss.1"]
[Site "Flint, MI"]
[Date "2001.04.01"]
[Round "1.2"]
[White "Aldrich, Jeff"]
[Black "Hazzard, Bill"]
[Result "1-0"]
[WhiteElo "1934"]
[BlackElo "1572"]
[PlyCount "75"]
[EventDate "2001.04.01"]

1. d4 d5 2. c4 c6 3. Nf3 Nf6 4. Nc3 e6 5. Bg5 Be7 6. e3 O-O 7. Qc2 c5 8. Rd1
Nbd7 9. Bd3 cxd4 10. Nxd4 Ne5 11. Be2 Qa5 12. cxd5 Nxd5 13. Bxe7 Nxe7 14. O-O
N5g6 15. a3 e5 16. Ndb5 Bf5 17. e4 Be6 18. b4 Qb6 19. Rd6 Nc6 20. Na4 Nd4 21.
Nxb6 Nxc2 22. Nxa8 Rxa8 23. Rfd1 Rf8 24. Bd3 Nd4 25. Nxd4 exd4 26. Rxd4 Rc8 27.
Bb5 Nf8 28. f4 a6 29. Be2 g6 30. g4 Bb3 31. R1d2 Ne6 32. R4d3 Ba4 33. f5 Ng5
34. e5 Kf8 35. Rd8+ Rxd8 36. Rxd8+ Ke7 37. Rd6 Bc6 38. h4 $138 1-0

[Event "Michigan Open Reserve"]
[Site "Lansing, MI"]
[Date "2001.04.11"]
[Round "4.11"]
[White "Scioly, Tony"]
[Black "Sundeen, David"]
[Result "1-0"]
[WhiteElo "1533"]
[BlackElo "1612"]
[PlyCount "85"]
[EventDate "2001.08.31"]

1. e4 e5 2. Nf3 Nf6 3. Nxe5 d6 4. Nf3 Nxe4 5. d4 d5 6. Bd3 Be7 7. O-O Nc6 8. c4
O-O 9. Nc3 Nxc3 10. bxc3 dxc4 11. Bxc4 Bg4 12. Rb1 Na5 13. Bd3 h6 14. Be4 c6
15. h3 Be6 16. a4 Nc4 17. Re1 Nd6 18. Bc2 Bf6 19. Ne5 Qc7 20. Qh5 Qc8 21. g4
Qe8 22. Bxh6 g6 23. Nxg6 fxg6 24. Bxg6 Rf7 25. Bxf7+ Qxf7 26. Qxf7+ Bxf7 27.
Bf4 Nc4 28. Rxb7 Bd5 29. g5 Bg7 30. Be5 Nxe5 31. dxe5 Re8 32. f4 Bf8 33. f5
Bc5+ 34. Kh2 Bf2 35. Re2 Bb6 36. e6 c5 37. Rd7 Bc6 38. Rdd2 Bxa4 39. f6 Kh7 40.
Kg3 Bc7+ 41. Kg4 Bb5 42. Re3 Bc4 43. Rd7+ 1-0

[Event "Michigan Open Reserve"]
[Site "Lansing, MI"]
[Date "2001.04.18"]
[Round "4.18"]
[White "Guilfoyle, Jeff"]
[Black "Homa, Seth"]
[Result "1/2-1/2"]
[WhiteElo "1402"]
[BlackElo "1551"]
[PlyCount "65"]
[EventDate "2001.08.31"]

1. d4 Nf6 2. c4 g6 3. Nc3 Bg7 4. e3 d6 5. Nf3 O-O 6. Be2 Nbd7 7. O-O e5 8. b3
Qe7 9. Bb2 c6 10. Rb1 Ne8 11. Re1 e4 12. Nd2 f5 13. d5 c5 14. Bf1 Ne5 15. f3
exf3 16. Nxf3 Nf6 17. Nxe5 Qxe5 18. Nb5 Qe7 19. Bd3 a6 20. Nc3 Ne4 21. Nxe4
fxe4 22. Bxg7 Kxg7 23. Be2 Qg5 24. Qd2 a5 25. Kh1 b6 26. Rf1 Bd7 27. Rbe1 Qe5
28. Rb1 Rf5 29. Qb2 Qxb2 30. Rxb2 Raf8 31. Kg1 Rxf1+ 32. Bxf1 g5 33. a3 1/2-1/2

[Event "Super Nationals K-5 U900"]
[Site "Kansas City, MO"]
[Date "2001.04.29"]
[Round "7"]
[White "Terol, Cameron"]
[Black "Gurski, Erin"]
[Result "1-0"]
[WhiteElo "704"]
[BlackElo "654"]
[PlyCount "38"]
[EventDate "2001.04.27"]

1. g3 d5 2. d3 e5 3. Bg2 Nc6 4. f4 exf4 5. Bxf4 Bd7 6. Bxd5 Nf6 7. Nc3 Bb4 8.
Bg2 Bxc3+ 9. bxc3 O-O 10. Nf3 Re8 11. O-O h6 12. Rb1 b6 13. a4 Qc8 14. Ne5 Re6
15. Nxd7 Qxd7 16. Bh3 Ne4 17. Bxe6 Qxe6 18. Qd2 g5 19. Bxc7 Nf6 1-0

[Event "Super Nationals K-5 U900"]
[Site "Kansas City, MO"]
[Date "2001.04.29"]
[Round "6"]
[White "Gurski, Erin"]
[Black "Sheley, Jonathan"]
[Result "1/2-1/2"]
[WhiteElo "654"]
[BlackElo "854"]
[PlyCount "47"]
[EventDate "2001.04.27"]

1. e4 e5 2. Nf3 Nc6 3. Bc4 Nf6 4. Ng5 d5 5. exd5 Nxd5 6. Nxf7 Kxf7 7. Qf3+ Qf6
8. Qxd5+ Be6 9. Qxe6+ Qxe6 10. Bxe6+ Kxe6 11. O-O Nd4 12. Na3 Bd6 13. c3 Ne2+
14. Kh1 Nxc1 15. Raxc1 Rad8 16. Rfe1 Bxa3 17. bxa3 Rxd2 18. f4 Rd5 19. Rxe5+
Rxe5 20. fxe5 Kxe5 21. Rb1 Rd8 22. h3 b6 23. Rb2 a5 24. Kh2 1/2-1/2

[Event "Chicago Open U1400"]
[Site "Chicago, IL"]
[Date "2001.05.26"]
[Round "3"]
[White "Weigel, Peter"]
[Black "Laurin, Edward"]
[Result "1-0"]
[WhiteElo "1267"]
[BlackElo "1317"]
[PlyCount "43"]
[EventDate "2001.05.26"]

1. d4 b6 2. c4 Bb7 3. Nc3 e6 4. a3 Nf6 5. Qc2 c5 6. Nf3 Bxf3 7. exf3 cxd4 8.
Ne4 Be7 9. Bf4 Nxe4 10. Qxe4 Nc6 11. Bd3 g5 12. Bd2 f5 13. Qe2 Bf6 14. f4 h5
15. Bxf5 Ne7 16. Bxe6 dxe6 17. Qxe6 Bg7 18. O-O-O gxf4 19. Rhe1 Bf8 20. Bxf4 a5
21. Qg6+ Kd7 22. Rxd4+ 1-0

[Event "Chicago Open U1400"]
[Site "Chicago, IL"]
[Date "2001.05.26"]
[Round "1"]
[White "McFadda, Donald"]
[Black "Laurin, Edward"]
[Result "0-1"]
[WhiteElo "1187"]
[BlackElo "1317"]
[PlyCount "109"]
[EventDate "2001.05.26"]

{64MB, General.ctg. CC1955916-D} 1. e4 b6 2. d4 Bb7 3. Nc3 Nf6 4. Bd3 e6 5. Nf3
Bb4 6. Bg5 h6 7. Bh4 g5 8. Bg3 Nxe4 9. Bxe4 Bxc3+ 10. bxc3 Bxe4 11. O-O d6 12.
Re1 Bf5 13. c4 Nd7 14. d5 O-O 15. Nd4 Qf6 16. Nxf5 Qxf5 17. Qd3 Qxd3 18. cxd3
exd5 19. cxd5 Rfe8 20. d4 Nf6 21. f4 Nxd5 22. fxg5 hxg5 23. Rxe8+ Rxe8 24. Re1
Rxe1+ 25. Bxe1 Kg7 26. g4 Kg6 27. h3 Nf4 28. Kh2 f5 29. Bd2 fxg4 30. hxg4 Ne2
31. Be3 Nc3 32. a3 Nb5 33. a4 Nc3 34. a5 bxa5 35. Bd2 Nb5 36. Bxa5 c6 37. Bb4
a5 38. Bxa5 Nxd4 39. Bb6 Nf3+ 40. Kg2 Ne5 41. Bc7 Nxg4 42. Bxd6 Kf5 43. Bc5 Ne5
44. Kg3 Nd3 45. Be3 c5 46. Kf3 c4 47. Ke2 g4 48. Kd2 Ke4 49. Ba7 g3 50. Kc3 Ne5
51. Bg1 g2 52. Kd2 Nf3+ 53. Ke2 Nxg1+ 54. Kf2 Kd3 55. Kxg1 0-1

[Event "Chicago Open U2000"]
[Site "Chicago, IL"]
[Date "2001.05.26"]
[Round "2"]
[White "Lipoma, Charles"]
[Black "Aldrich, Jeff"]
[Result "1-0"]
[WhiteElo "1857"]
[BlackElo "1934"]
[PlyCount "84"]
[EventDate "2001.05.25"]

1. e4 c6 2. Nc3 d5 3. Qf3 e6 4. exd5 exd5 5. d4 Nf6 6. Bg5 Nbd7 7. Bd3 Be7 8.
Nge2 O-O 9. O-O h6 10. Bf4 Re8 11. Ng3 Nf8 12. h3 Bd6 13. Nce2 Ng6 14. Bxg6
fxg6 15. Qd3 Kh7 16. Rae1 Qc7 17. Bxd6 Qxd6 18. c3 b6 19. Nc1 Rf8 20. Re3 a5
21. Rfe1 Bd7 22. Qc2 c5 23. Nd3 cxd4 24. cxd4 Rac8 25. Qd1 Ne4 26. Nxe4 dxe4
27. Ne5 Rcd8 28. Nxd7 Rxd7 29. Rxe4 Qf6 30. R1e2 Rfd8 31. Rd2 Rd5 32. Qg4 h5
33. Qf4 Qc6 34. Rd3 Rf5 35. Qe3 Qd5 36. b3 a4 37. Rc3 axb3 38. axb3 Qa5 39. Rc7
Qa1+ 40. Kh2 Qf1 41. Ree7 Rg8 42. f3 Qb5 $138 1-0

[Event "Chicago Open U1400"]
[Site "Chicago, IL"]
[Date "2001.05.26"]
[Round "2"]
[White "Laurin, Edward"]
[Black "Carcelli, James"]
[Result "1-0"]
[WhiteElo "1317"]
[BlackElo "1265"]
[PlyCount "111"]
[EventDate "2001.05.26"]

{64MB, General.ctg. CC1955916-D} 1. e4 e5 2. Nf3 Nc6 3. Bc4 Bc5 4. O-O Nf6 5.
d4 Bxd4 6. Nxd4 Nxd4 7. f4 Qe7 8. fxe5 Qxe5 9. Bf4 Qc5 10. Bxf7+ Kxf7 11. Be3
d6 12. Bxd4 Qg5 13. Bxf6 gxf6 14. Nc3 Rg8 15. Qd5+ Ke7 16. Qxg5 Rxg5 17. Nd5+
Kd8 18. Rxf6 Rg8 19. Raf1 Bd7 20. Rf8+ Rxf8 21. Rxf8+ Be8 22. Nf6 Ke7 23. Nxh7
a5 24. Rg8 Kf7 25. Rg3 Bc6 26. a3 Ra6 27. h4 Rb6 28. b3 Rb5 29. Ng5+ Kf6 30.
Rf3+ Kg6 31. g4 Rc5 32. c3 Re5 33. Rf5 Re7 34. h5+ Kh6 35. e5 dxe5 36. Nf7+ Kg7
37. Nxe5 Be4 38. Rg5+ Kf6 39. Nf3 Bc2 40. Rxa5 Bxb3 41. g5+ Kg7 42. h6+ Kg6 43.
Ne5+ Kh7 44. Rc5 Bc2 45. Rd5 Bf5 46. Nf3 Be4 47. Re5 Rxe5 48. Nxe5 Bf5 49. Kf2
Be6 50. Ke3 Bf5 51. Kd4 Be6 52. Kc5 Bf5 53. a4 Bd7 54. a5 Bf5 55. Kb5 Be6 56.
c4 1-0

[Event "Chicago Open U1200"]
[Site "Chicago, IL"]
[Date "2001.05.26"]
[Round "1"]
[White "Gurski, Erin"]
[Black "Vego, Carlos"]
[Result "0-1"]
[WhiteElo "654"]
[BlackElo "1079"]
[PlyCount "116"]
[EventDate "2001.05.26"]

1. e4 e5 2. Nf3 Nc6 3. Bc4 Be7 4. d3 Nf6 5. Nc3 O-O 6. O-O Bb4 7. Bd2 d6 8. h3
Bxc3 9. Bxc3 Qe7 10. Qe2 Be6 11. Bxe6 Qxe6 12. Rfd1 Rad8 13. Rd2 d5 14. exd5
Rxd5 15. Re1 Re8 16. Qd1 Qd6 17. Re3 e4 18. dxe4 Rxd2 19. Qxd2 Nxe4 20. Qxd6
Nxd6 21. Rxe8+ Nxe8 22. Kf1 f6 23. Ke2 Nd6 24. Ke3 Kf7 25. Nd4 Ne5 26. Bb4
Ndc4+ 27. Ke4 Nxb2 28. Nb5 c6 29. Nxa7 Ke8 30. Nc8 Kd7 31. Nb6+ Ke6 32. Bc3
Nec4 33. Nxc4 Nxc4 34. Bb2 Nxb2 35. g4 Na4 36. f4 Nc3+ 37. Kf3 Nxa2 38. g5 fxg5
39. fxg5 Kf5 40. h4 b5 41. Kg3 c5 42. Kf3 c4 43. Ke3 Kg4 44. Kd2 Kxh4 45. c3
Nxc3 46. Kxc3 Kxg5 47. Kb4 h5 48. Kc3 h4 49. Kb4 h3 50. Kc3 h2 51. Kb4 h1=Q 52.
Kc3 Qe1+ 53. Kd4 c3 54. Kd3 Qd2+ 55. Ke4 c2 56. Ke5 c1=Q 57. Ke4 Qce1+ 58. Kf3
Qee3# 0-1

[Event "Chicago Open U1200"]
[Site "Chicago, IL"]
[Date "2001.05.26"]
[Round "3"]
[White "Gurski, Erin"]
[Black "Banzhaf, Alexander"]
[Result "0-1"]
[WhiteElo "645"]
[BlackElo "910"]
[PlyCount "48"]
[EventDate "2001.05.26"]

1. e4 e6 2. d4 d5 3. e5 c5 4. dxc5 Bxc5 5. Nf3 Nc6 6. Bb5 Bd7 7. Nc3 Nge7 8.
O-O Qc7 9. Re1 O-O 10. Bf4 Qb6 11. Bg5 Bxf2+ 12. Kf1 Bxe1 13. Qe2 Bxc3 14. bxc3
Nxe5 15. Bxd7 Nxd7 16. Bxe7 Rfc8 17. Bb4 a5 18. Ba3 Rxc3 19. Bc1 Rac8 20. Ne1
Nc5 21. a3 Qc7 22. Ra2 Qxh2 23. Nf3 Qc7 24. Ne1 Qd7 0-1

[Event "Chicago Open U2000"]
[Site "Chicago, IL"]
[Date "2001.05.26"]
[Round "1"]
[White "Aldrich, Jeff"]
[Black "Holloway, Joseph"]
[Result "1/2-1/2"]
[WhiteElo "1934"]
[BlackElo "1825"]
[PlyCount "67"]
[EventDate "2001.05.25"]

1. d4 d5 2. c4 e6 3. Nc3 Nf6 4. Bg5 Be7 5. Nf3 h6 6. Bxf6 Bxf6 7. e3 O-O 8. Qc2
b6 9. cxd5 exd5 10. Bd3 Bb7 11. O-O Nd7 12. Qb3 c6 13. Rac1 Rc8 14. Bb1 Re8 15.
e4 dxe4 16. Nxe4 Be7 17. Ne5 Nxe5 18. dxe5 Qc7 19. e6 Bf8 20. exf7+ Qxf7 21.
Qc2 Qg6 22. a3 c5 23. Rce1 Ba6 24. Re3 Bxf1 25. Kxf1 Kh8 26. Rg3 Qf5 27. Rf3
Qe6 28. Re3 Qg8 29. Rg3 Be7 30. Nc3 Rf8 31. Rh3 Bf6 32. Ne2 Bd4 33. f3 Rce8 34.
Ng3 $138 1/2-1/2

[Event "Chicago Open U2000"]
[Site "Chicago, IL"]
[Date "2001.05.26"]
[Round "3"]
[White "Aldrich, Jeff"]
[Black "Cavitt, Dexter"]
[Result "0-1"]
[WhiteElo "1934"]
[BlackElo "1831"]
[PlyCount "104"]
[EventDate "2001.05.25"]

1. d4 d5 2. c4 c6 3. Nc3 Nf6 4. Nf3 dxc4 5. e3 b5 6. Ne5 Bb7 7. a4 a6 8. b3 b4
9. Bxc4 e6 10. Ne2 c5 11. O-O Bd6 12. Bb2 Qc7 13. Ng3 h5 14. f3 h4 15. Ne2 Nbd7
16. f4 Bxe5 17. fxe5 Qc6 18. Nf4 g5 19. exf6 gxf4 20. Qf3 Rg8 21. Kf2 Nxf6 22.
exf4 Ng4+ 23. Kg1 Qxf3 24. Rxf3 Bxf3 25. gxf3 Ne3+ 26. Kf2 cxd4 27. Bxd4 Nxc4
28. bxc4 h3 29. Be5 Rg2+ 30. Ke3 Rxh2 31. f5 Rc2 32. Rh1 exf5 33. Rxh3 O-O-O
34. Rh6 Kb7 35. a5 Rxc4 36. Rb6+ Ka7 37. f4 Rd5 38. Rf6 Rd7 39. Rxf5 b3 40. Rh5
Rc2 41. Rh1 Rc4 42. Rb1 Rb4 43. Kf3 Kb7 44. Kg4 Kc6 45. Kf5 Kb5 46. Bc3 Rd5+
47. Kg4 Rc5 48. Be1 Rcc4 49. Kg5 Rxf4 50. Bxb4 Rxb4 51. Kf6 Kxa5 52. Kxf7 Kb5
0-1

[Event "Chicago Open U1200"]
[Site "Chicago, IL"]
[Date "2001.05.27"]
[Round "5"]
[White "Stumm, Jurgen"]
[Black "Gurski, Erin"]
[Result "1/2-1/2"]
[WhiteElo "962"]
[BlackElo "645"]
[PlyCount "101"]
[EventDate "2001.05.26"]

1. e4 e5 2. Nf3 Nc6 3. d3 Bc5 4. b3 Nf6 5. Bb2 d6 6. a3 Bg4 7. Be2 O-O 8. h3
Bh5 9. b4 Bb6 10. Nc3 Nd4 11. Nxd4 exd4 12. Nd5 Bxe2 13. Qxe2 Nxd5 14. O-O-O
Re8 15. Qf3 Nf6 16. Rde1 Qd7 17. g4 d5 18. e5 Nxg4 19. Qxg4 Qxg4 20. hxg4 Re7
21. Rh3 f6 22. f4 Rae8 23. Kd2 fxe5 24. fxe5 Rxe5 25. Rxe5 Rxe5 26. c3 dxc3+
27. Bxc3 Rg5 28. Rg3 h5 29. a4 Rxg4 30. Rh3 h4 31. Ke2 c5 32. Kf3 Rg3+ 33. Rxg3
hxg3 34. Kxg3 cxb4 35. Bxb4 Kf7 36. Kf4 Kf6 37. Bc3+ Kg6 38. Ke5 Kh5 39. Kxd5
g5 40. Ke4 Kh4 41. Bf6 Kg4 42. d4 Bc7 43. d5 a6 44. Be7 b5 45. axb5 axb5 46. d6
Bxd6 47. Bxd6 Kh4 48. Kd3 g4 49. Kc3 b4+ 50. Kxb4 g3 51. Bxg3+ 1/2-1/2

[Event "Chicago Open U1200"]
[Site "Chicago, IL"]
[Date "2001.05.27"]
[Round "4"]
[White "Staley, Timothy"]
[Black "Gurski, Erin"]
[Result "1-0"]
[WhiteElo "1248"]
[BlackElo "645"]
[PlyCount "63"]
[EventDate "2001.05.26"]

{Cross-Section Game} 1. c4 e5 2. g3 Nf6 3. Bg2 d5 4. cxd5 Nxd5 5. Nc3 Be6 6.
Qa4+ Qd7 7. Qxd7+ Nxd7 8. Nxd5 O-O-O 9. e4 Bc5 10. Ne2 Bg4 11. Ne3 Bxe2 12.
Kxe2 Nf6 13. Bh3+ Kb8 14. f3 Rhe8 15. b3 Bd4 16. Rb1 Rd6 17. Nf5 Rc6 18. Nxd4
exd4 19. d3 h6 20. Bb2 Rd8 21. Rbc1 Rxc1 22. Rxc1 g5 23. Rc4 b5 24. Rxd4 Re8
25. b4 a5 26. bxa5 Kb7 27. Rb4 c6 28. Bxf6 Ra8 29. Rd4 Rxa5 30. Rd7+ Kb6 31.
Bd4+ Ka6 32. Ra7# 1-0

[Event "Chicago Open U2000"]
[Site "Chicago, IL"]
[Date "2001.05.27"]
[Round "4"]
[White "Mohapatra, Taranik"]
[Black "Aldrich, Jeff"]
[Result "1/2-1/2"]
[WhiteElo "1822"]
[BlackElo "1934"]
[PlyCount "118"]
[EventDate "2001.05.25"]

1. e4 c6 2. d4 d5 3. Nc3 dxe4 4. Nxe4 Nd7 5. Nf3 Ngf6 6. Bd3 Nxe4 7. Bxe4 Nf6
8. Qe2 Bg4 9. c3 e6 10. Bc2 Qc7 11. h3 Bh5 12. g4 Bg6 13. Bb3 Bd6 14. Bg5 O-O-O
15. Ne5 Kb8 16. O-O-O c5 17. Bf4 Nd5 18. Bxd5 exd5 19. dxc5 Qxc5 20. Nxg6 fxg6
21. Bxd6+ Qxd6 22. Rd4 Rhf8 23. Rhd1 Qh2 24. Rxd5 Rde8 25. Qb5 Qxf2 26. Rd7
Qe3+ 27. Kb1 Qf3 28. Qb4 a6 29. Qd6+ Ka8 30. Rxg7 Rb8 31. Rxh7 Rf6 32. Qd4 Qe2
33. Rd2 Rf1+ 34. Kc2 Qe1 35. Qd5 Qc1+ 36. Kb3 Rf6 37. Qd4 Rc6 38. Rd1 Qg5 39.
Qd5 Qe3 40. Qd3 Qb6+ 41. Kc2 Rf8 42. Rd7 Rcc8 43. Rd6 Qa5 44. Kb1 Qa4 45. Qxg6
Rf2 46. Qd3 Rh2 47. Rd4 Qc6 48. Re4 Rxh3 49. Qd5 Qg6 50. Qf5 Qc6 51. g5 Rg3 52.
Re6 Qc4 53. g6 Rg8 54. Rde1 Rg2 55. Re8+ Rxe8 56. Rxe8+ Ka7 57. Re1 Qc7 58. Rf1
Qb6 59. b3 Rxg6 1/2-1/2

[Event "Chicago Open U1400"]
[Site "Chicago, IL"]
[Date "2001.05.27"]
[Round "4"]
[White "Laurin, Edward"]
[Black "Familiar, Craig"]
[Result "1-0"]
[WhiteElo "1317"]
[BlackElo "1273"]
[PlyCount "48"]
[EventDate "2001.05.26"]

1. e4 e5 2. Nf3 d6 3. d4 exd4 4. Nxd4 Nf6 5. Nc3 Be7 6. Bc4 O-O 7. Bf4 c6 8.
Qd2 Nh5 9. Rd1 Nxf4 10. Qxf4 Bf6 11. Rd3 b5 12. Bb3 a6 13. Nf5 Be5 14. Qf3 Qf6
15. Nxd6 Qxf3 16. gxf3 Be6 17. Bxe6 fxe6 18. Nb7 Ra7 19. Nc5 Kf7 20. Rg1 Ke7
21. h3 a5 22. a4 b4 23. Nd1 Bd6 24. Rxg7+ Rf7 1-0

[Event "Chicago Open U1400"]
[Site "Chicago, IL"]
[Date "2001.05.27"]
[Round "5"]
[White "Kan, Karel"]
[Black "Laurin, Edward"]
[Result "1-0"]
[WhiteElo "1286"]
[BlackElo "1317"]
[PlyCount "79"]
[EventDate "2001.05.26"]

1. e4 b6 2. d4 Bb7 3. Bd3 Nf6 4. Nc3 e6 5. Bg5 h6 6. Be3 Bb4 7. Nge2 Nxe4 8.
Bxe4 Bxe4 9. Qd2 Qf6 10. a3 Bxc3 11. Nxc3 Bxg2 12. Rg1 Bf3 13. Rg3 Nc6 14. Nb5
O-O-O 15. a4 a6 16. Nxc7 Kxc7 17. Bf4+ Kb7 18. Rxf3 Nxd4 19. Rd3 Nxc2+ 20. Qxc2
Qxf4 21. Rad1 Qc7 22. Qb3 d5 23. a5 b5 24. Rf3 Qxa5+ 25. Kf1 Qc7 26. Qa3 Rd7
27. Ra1 Ra8 28. Rc3 Qxh2 29. Rac1 Qh1+ 30. Ke2 Qe4+ 31. Kf1 Qh1+ 32. Ke2 Qe4+
33. Kf1 Qd4 34. Rc6 Qa7 35. Qa5 Rc8 36. Rxc8 Qb6 37. Rb8+ Kxb8 38. Qxb6+ Rb7
39. Qxa6 g6 40. Qd6+ 1-0

[Event "Chicago Open U2000"]
[Site "Chicago, IL"]
[Date "2001.05.27"]
[Round "5"]
[White "Aldrich, Jeff"]
[Black "Markovic, Arandel"]
[Result "0-1"]
[WhiteElo "1934"]
[BlackElo "1814"]
[PlyCount "102"]
[EventDate "2001.05.25"]

1. d4 Nf6 2. c4 e6 3. Nc3 d5 4. Bg5 a6 5. a4 Nc6 6. e3 Nb4 7. Nf3 c6 8. Be2 Qa5
9. O-O h6 10. Bxf6 gxf6 11. e4 dxc4 12. Bxc4 Qh5 13. Ne2 Qg4 14. Ng3 h5 15. Nd2
Qg6 16. Re1 Bd6 17. e5 fxe5 18. dxe5 Bc5 19. Nde4 Be7 20. Nd6+ Kf8 21. Qd2 a5
22. Nge4 h4 23. Ra3 Nd5 24. Rf3 Rh7 25. Bd3 Rg7 26. g3 Qh5 27. Qe2 Qxe5 28. Nc4
Qc7 29. Kh1 b5 30. axb5 cxb5 31. Ne3 Bb7 32. Nxd5 Bxd5 33. Nc3 Bc6 34. Be4 Bb4
35. Rc1 hxg3 36. hxg3 f5 37. Bxc6 Qxc6 38. Kg2 Rc8 39. Rh1 Bxc3 40. bxc3 Kf7
41. Qe5 a4 42. Rh6 Re8 43. Kh2 Qxf3 44. Rf6+ Kg8 45. Rh6 Qxf2+ 46. Kh3 Qf1+ 47.
Kh2 f4 48. g4 Qf2+ 49. Kh1 f3 50. Qh2 Qxh2+ 51. Kxh2 Rh7 0-1

[Event "Chicago Open U1400"]
[Site "Chicago, IL"]
[Date "2001.05.28"]
[Round "6"]
[White "Laurin, Edward"]
[Black "Belita, Diego"]
[Result "1-0"]
[WhiteElo "1317"]
[BlackElo "1387"]
[PlyCount "80"]
[EventDate "2001.05.26"]

1. e4 e5 2. Nf3 Nc6 3. Bc4 Be7 4. d4 d6 5. dxe5 Nxe5 6. Nxe5 dxe5 7. Qxd8+ Bxd8
8. Nc3 Nf6 9. Bg5 c6 10. O-O-O O-O 11. f3 Be6 12. Bxe6 fxe6 13. Rd3 Nh5 14.
Bxd8 Raxd8 15. Rhd1 Rxd3 16. Rxd3 Nf6 17. Na4 b6 18. Rd6 c5 19. Rxe6 Re8 20.
Rxe8+ Nxe8 21. Nc3 Nc7 22. Nd5 Nxd5 23. exd5 c4 24. Kd2 Kf7 25. Ke3 Ke7 26. Ke4
Kd6 27. h4 g6 28. g4 b5 29. f4 exf4 30. Kxf4 Kxd5 31. Kg5 Ke5 32. Kh6 Kf4 33.
g5 Kg4 34. Kxh7 Kxh4 35. Kxg6 Kg4 36. Kf6 Kh5 37. g6 Kh6 38. g7 Kh7 39. Kf7 a5
40. g8=Q+ Kh6 1-0

[Event "Chicago Open U2000"]
[Site "Chicago, IL"]
[Date "2001.05.28"]
[Round "6"]
[White "Garber, Milton"]
[Black "Aldrich, Jeff"]
[Result "0-1"]
[WhiteElo "1652"]
[BlackElo "1934"]
[PlyCount "94"]
[EventDate "2001.05.25"]

1. d4 d5 2. c4 c6 3. Nf3 Nf6 4. Nc3 e6 5. g3 Bd6 6. Bg2 O-O 7. O-O Nbd7 8. c5
Bc7 9. b4 e5 10. e3 h6 11. a4 e4 12. Nd2 Nh7 13. f3 f5 14. f4 Qe8 15. Nb3 Kh8
16. Kf2 g5 17. Ne2 Ndf6 18. h3 Rg8 19. Rg1 Bd7 20. Bd2 Qg6 21. Qf1 b6 22. Rc1
h5 23. Ke1 Rge8 24. Qf2 Qh6 25. Bf1 Re7 26. Kd1 Rae8 27. Rc3 h4 28. gxh4 gxf4
29. Nxf4 Bxf4 30. exf4 Nh5 31. Be2 N7f6 32. Rg5 Ng7 33. Rcg3 Qxh4 34. Qg1 Qh7
35. Be3 Nfh5 36. Bxh5 Nxh5 37. Rg6 Nxg3 38. Qxg3 Rg7 39. Rg5 Reg8 40. h4 Be8
41. Kd2 Bh5 42. cxb6 axb6 43. Bf2 Bg4 44. Qc3 Rxg5 45. fxg5 f4 46. Kc1 Re8 47.
Qxc6 Rc8 0-1

[Event "Chicago Open U1200"]
[Site "Chicago, IL"]
[Date "2001.05.28"]
[Round "7"]
[White "Curtice, Mark"]
[Black "Gurski, Erin"]
[Result "1/2-1/2"]
[WhiteElo "881"]
[BlackElo "645"]
[PlyCount "52"]
[EventDate "2001.05.26"]

1. e4 e5 2. Nf3 Nc6 3. d4 exd4 4. Nxd4 Nxd4 5. Qxd4 Nf6 6. Be2 b6 7. Bg5 Be7 8.
e5 Ng8 9. Bxe7 Nxe7 10. Bf3 c6 11. O-O Ba6 12. Rd1 c5 13. Qa4 Bc8 14. Bxa8 O-O
15. Qxa7 Re8 16. Be4 d6 17. exd6 Bf5 18. d7 Bxe4 19. dxe8=Q+ Qxe8 20. Qd7 Kf8
21. Qxe8+ Kxe8 22. Na3 Nd5 23. Re1 f5 24. Red1 Nb4 25. f3 Nxc2 26. Nxc2 Bxc2
1/2-1/2

[Event "Chicago Open U1400"]
[Site "Chicago, IL"]
[Date "2001.05.28"]
[Round "7"]
[White "Burage, Albert"]
[Black "Laurin, Edward"]
[Result "0-1"]
[WhiteElo "1380"]
[BlackElo "1317"]
[PlyCount "103"]
[EventDate "2001.05.26"]

1. d4 Nf6 2. Nf3 e6 3. Bf4 Nc6 4. a3 d6 5. h3 Be7 6. e3 O-O 7. Bd3 Nd7 8. Bh2
Bf6 9. c3 e5 10. Nbd2 Re8 11. O-O Nb6 12. Qc2 g6 13. Rad1 Be6 14. dxe5 Nxe5 15.
Nxe5 Bxe5 16. Bxe5 dxe5 17. Be4 c6 18. Nf3 Qf6 19. b3 Bd5 20. c4 Bxe4 21. Qxe4
Qe7 22. Rd3 f5 23. Qh4 e4 24. Qxe7 Rxe7 25. Rd6 exf3 26. gxf3 Rd7 27. Rxd7 Nxd7
28. Rd1 Rd8 29. b4 Kf7 30. f4 Ke7 31. Rd2 Nb6 32. Rc2 Rd3 33. b5 Rxa3 34. bxc6
bxc6 35. c5 Nd7 36. Kg2 Ra5 37. Kg3 Rxc5 38. Ra2 a5 39. Kh4 Rb5 40. Kg5 c5 41.
Kh6 Nf6 42. f3 c4 43. e4 fxe4 44. fxe4 Rh5+ 45. Kg7 c3 46. e5 Nd5 47. Rxa5 Nxf4
48. Ra7+ Ke6 49. Rc7 Nd5 50. Rc8 Kxe5 51. h4 Rxh4 52. Kf7 0-1

[Event "Chicago Open U2000"]
[Site "Chicago, IL"]
[Date "2001.05.28"]
[Round "7"]
[White "Aldrich, Jeff"]
[Black "Sentella, Cesar"]
[Result "1-0"]
[WhiteElo "1934"]
[BlackElo "1822"]
[PlyCount "87"]
[EventDate "2001.05.25"]

1. d4 Nf6 2. c4 g6 3. Nc3 d5 4. e3 Bg7 5. Nf3 b6 6. Be2 Bb7 7. O-O O-O 8. b3
Nbd7 9. Bb2 Re8 10. Qc2 Rc8 11. Rad1 e6 12. Qb1 Qe7 13. Rfe1 c5 14. Ba3 Ne4 15.
Nxe4 dxe4 16. Nd2 f5 17. Nf1 Rcd8 18. b4 cxd4 19. exd4 Qg5 20. d5 Ne5 21. Bc1
Qh4 22. Ne3 Bf8 23. h3 Bd6 24. c5 Bb8 25. Nc4 exd5 26. Nxe5 Bxe5 27. Bb2 d4 28.
Bc4+ Kf8 29. Qa1 e3 30. fxe3 Qg3 31. Bxd4 Qh2+ 32. Kf1 Bxd4 33. Rxd4 Ke7 34.
Rxd8 Kxd8 35. Qf6+ Kc7 36. Qf7+ Kb8 37. Qxe8+ Bc8 38. Re2 f4 39. Qe5+ Ka8 40.
Qc7 Qh1+ 41. Kf2 fxe3+ 42. Rxe3 Qxg2+ 43. Kxg2 Bxh3+ 44. Kxh3 1-0

[Event "Bottom-Half Class U1900"]
[Site "Farmington Hills, MI"]
[Date "2001.06.??"]
[Round "4"]
[White "Vandivier, Don"]
[Black "Herreshoff, Matt"]
[Result "1-0"]
[WhiteElo "1874"]
[BlackElo "1713"]
[PlyCount "45"]
[EventDate "2001.06.09"]

1. e4 e6 2. d4 d5 3. Nc3 Bb4 4. Bd2 dxe4 5. Qg4 Nf6 6. Qxg7 Rg8 7. Qh6 Qxd4 8.
Nge2 Qd8 9. O-O-O Qe7 10. Bg5 Bxc3 11. Nxc3 Ng4 12. Bxe7 Nxh6 13. Bh4 Bd7 14.
Nxe4 Ng4 15. h3 f5 16. hxg4 fxe4 17. Bg3 c6 18. Rxh7 e5 19. f3 exf3 20. gxf3
Be6 21. Bh4 Na6 22. Bxa6 bxa6 23. Re7+ {Black Resigns} 1-0

[Event "Bottom-Half Class Top Section"]
[Site "Farmington Hills, MI"]
[Date "2001.06.09"]
[Round "2"]
[White "Ward, Tom"]
[Black "O'Donnell, Robert"]
[Result "1/2-1/2"]
[WhiteElo "2215"]
[BlackElo "2180"]
[PlyCount "84"]
[EventDate "2001.06.08"]

1. e4 c5 2. Nf3 e6 3. d4 cxd4 4. Nxd4 Nc6 5. Nc3 a6 6. Be3 Qc7 7. Be2 Nf6 8.
O-O b5 9. Nxc6 dxc6 10. Bf3 e5 11. Qd2 Be7 12. Rfd1 O-O 13. Bg5 Rd8 14. Qe3 Be6
15. h3 b4 16. Na4 c5 17. Rxd8+ Rxd8 18. Be2 Qc6 19. Bxf6 gxf6 20. b3 Rd4 21.
Nb2 Qxe4 22. Qxe4 Rxe4 23. Bxa6 Rd4 24. Nc4 f5 25. Nxe5 Bf6 26. Re1 Re4 27. Nd3
Bd4 28. Bb7 Rxe1+ 29. Nxe1 Kf8 30. Kf1 Ke7 31. Nf3 Bf6 32. Ke2 Kd6 33. Nd2 Bc3
34. Nb1 Bb2 35. Nd2 Bc3 36. Kd3 Bd4 37. Ke2 Bc3 38. Nf1 Ke5 39. Nd2 h6 40. Nf3+
Kd6 41. Ke3 Bb2 42. Kd3 Bf6 1/2-1/2

[Event "Bottom-Half Class U1500"]
[Site "Farmington Hills, MI"]
[Date "2001.06.09"]
[Round "2"]
[White "Tripp, Steve"]
[Black "Imai, Toshio"]
[Result "0-1"]
[WhiteElo "1417"]
[BlackElo "1400"]
[PlyCount "48"]
[EventDate "2001.06.09"]

1. f4 e5 2. fxe5 d6 3. exd6 Bxd6 4. Nf3 g5 5. g3 g4 6. Nh4 Be7 7. e3 Bxh4 8.
Bc4 Bg5 9. b3 Bf6 10. Nc3 Bxc3 11. dxc3 Qxd1+ 12. Kxd1 Nc6 13. Bb2 Bf5 14. Rf1
O-O-O+ 15. Ke2 Nh6 16. Bd3 Bg6 17. c4 Rhe8 18. Bf6 Rd7 19. Bg5 Nf5 20. Rae1
Ncd4+ 21. Kd2 Nf3+ 22. Rxf3 gxf3 23. Rf1 Nd6 24. Rxf3 Ne4+ 0-1